ბათუმის შოთა რუსთაველის სახელმწიფო უნივერსიტეტის ბიბლიოთეკა

მექანიზმებისა და მანქანების თეორია : დამხმ. სახელმძღ. / (ბიბ.ჩანაწერი № 37425)

000 -ლიდერი
ფიქსირებული სიგრძის საკონტროლო ველი 01075nam a2200217Ia 4500
001 - საკონტროლო ნომერი
საკონტროლო ველი 3384
003 - საკონტროლო ნომრის იდენტიფიკატორი
საკონტროლო ველი GE_BSU
005 - ბოლო ოპერაციის თარიღი და დრო
საკონტროლო ველი 20190606171658.0
008 - ფიქსირებული სიგრძის მონაცემთა ელემენტები - ზოგადი ინფორმაცია
ფიქსირებული სიგრძის საკონტროლო ველი 181216s1971||||ge |||||||||||||| ||geo||
040 ## - კატალოგიზაციის წყარო
Transcribing agency GE_BSU
041 ## - ენის კოდი
Language code of text/sound track or separate title geo
080 ## - უნივერსალური ათობითი კლასიფიკაციის ინდექსი
Universal Decimal Classification number 621.01(076.5) მ–59
245 ## - ცნობა სათაურის შესახებ
Title მექანიზმებისა და მანქანების თეორია : დამხმ. სახელმძღ. /
Statement of responsibility, etc შემდგ.: თ. კახეთელიძე ; ვ. გოგილაშვილი ; კ. ილურიძე.
264 ## - წარმოების, გამოცემის, დისტრიბუციის და სხვა ცნობები
გამოცემის, წარმოების, დისტრიბუციის... ადგილი თბილისი :
გამოცემის, წარმოების, დისტრიბუციის... სახელწოდება სპი.
გამოცემის, წარმოების, დისტრიბუციის... თარიღი 1971.
300 ## - ფიზიკური აღწერა
Extent 66 გვ .:
Dimensions 20 სმ.
Accompanying material ნახაზები.
653 ## - INDEX TERM--UNCONTROLLED
Uncontrolled term მექანიზმებისა და მანქანების თეორია
700 ## - ADDED ENTRY--PERSONAL NAME
Personal name კახეთელიძე, თ.
Relator term შემდგენელი
9 (RLIN) 2245
700 ## - ADDED ENTRY--PERSONAL NAME
Personal name გოგილაშვილი, ვ
Relator term შემდგენელი
9 (RLIN) 1974
700 ## - ADDED ENTRY--PERSONAL NAME
Personal name ილურიძე, ი
Relator term შემდგენელი
9 (RLIN) 2246
942 ## - ADDED ENTRY ELEMENTS (KOHA)
Koha item type წიგნი
Source of classification or shelving scheme
ეგზემპლარები
ჩამოწერის სტატუსი დაკარგული ეგზემპლარის სტატუსი კლასიფიკაციის წყარო ან თაროზე გაწყობის სქემა დაზიანების სტატუსი არ გაიცემა მუდმივი მდებარეობა (დაცვის ადგილი) ამჟამინდელი ადგილსამყოფელი თაროზე განთავსების ადგილი შეძენის თარიღი ღირებულება, შესყიდვის ნორმალური ფასი სრული შენახვის შიფრი შტრიხკოდი ბოლო ოპერაციის თარიღი ეგზემპლარის მიმდევრობითი ნომერი (კეტერი?) ფასის ძალაში შესვლის თარიღი ეგზემპლარის სახეობა საჯარო შენიშვნა
          ტექნოლოგიური ფაკულტეტის ბიბლიოთეკა ტექნოლოგიური ფაკულტეტის ბიბლიოთეკა წიგნსაცავი 2018-12-17 0.40 621.01(076.5) მ–59 10560 2018-12-17 10560 2018-12-17 წიგნი 0.40 თ.
          ტექნოლოგიური ფაკულტეტის ბიბლიოთეკა ტექნოლოგიური ფაკულტეტის ბიბლიოთეკა წიგნსაცავი 2018-12-17 0.00 621.01(076.5) მ–59 10561 2018-12-17 10561 2018-12-17 წიგნი 0.40 თ.
          ტექნოლოგიური ფაკულტეტის ბიბლიოთეკა ტექნოლოგიური ფაკულტეტის ბიბლიოთეკა წიგნსაცავი 2018-12-17 0.40 621.01(076.5) მ–59 10562 2018-12-17 10562 2018-12-17 წიგნი 0.40 თ.